| 000 | 01111nam a22002177a 4500 | ||
|---|---|---|---|
| 005 | 20260119142751.0 | ||
| 008 | 230825b ||||| |||| 00| 0 eng d | ||
| 020 | _a 9780826111340 | ||
| 040 |
_aCO-BoUCM _cDavid Moreno _dDavid Moreno |
||
| 041 | _aeng | ||
| 245 | 1 | 0 |
_aLeadership 101 / _cMichael D. Mumford |
| 260 |
_aNew York, NY _bSpringer Pub _c2010 |
||
| 300 | _axvii, 282 Paginas | ||
| 490 | _a The Psych 101 series | ||
| 504 | _aIncluye referencias bibliográficas e índices | ||
| 505 | _r The history of leadership research / Tamara L. Friedrich -- Perspectives on leadership research / Jay J. Caughron -- Methods in leadership research / Alison L. Antes -- Leader traits, skills, and behaviors / Cheryl K. Beeler -- Followers and situational factors / Jamie D. Barrett -- How leaders think / Cristina L. Byrne -- Outstanding leadership / William B. Vessey -- Future directions / Amanda S. Shipman. | ||
| 650 | 1 | 7 |
_aLiderazgo _xInvestigación _9178595 |
| 700 | 1 |
_a Mumford, Michael D. _9178596 |
|
| 942 |
_2DEWEY _a16 _cLIBRO _e1 _h658.4092 _mM962p _n0 |
||
| 999 |
_c323083 _d323083 |
||